[Event "CFriend AR-2003-Q-00003 email"]
[Site "Chessfriend.com"]
[Date "2003.12.03"]
[Round "1"]
[White "Nowak, Zdzislaw"]
[Black "Stummer, Walter"]
[Result "1/2-1/2"]
[WhiteElo "2336"]
[BlackElo "2379"]
[PlyCount "72"]
[EventDate "2003.??.??"]
[EventType "tourn (corr)"]
[EventRounds "12"]
[SourceTitle "Corr 2008"]
[Source "ChessBase"]
[SourceDate "2008.06.24"]
[SourceVersion "1"]
[SourceVersionDate "2008.06.24"]
[SourceQuality "1"]

1. e4 c5 2. Nf3 Nc6 3. Nc3 e5 4. Bc4 d6 5. d3 Be7 6. Nd2 Bg5 7. Nf1 Bxc1 8. Rxc1 Nge7 9. Ne3 0-0 10. 0-0 Ng6 11. Ncd5 Qg5 12. c3 Rb8 13. a4 Be6 14. Qf3 Nf4 15. Rce1 Kh8 16. Nxf4 exf4 17. Nd5 Ne5 18. Qxf4 Qxf4 19. Nxf4 Bxc4 20. dxc4 Nxc4 21. Re2 b5 22. b3 Ne5 23. Nd5 bxa4 24. f4 Nd3 25. bxa4 Rfe8 26. Nc7 Re7 27. Nd5 Ree8 28. g4 Rb2 29. Rxb2 Nxb2 30. Rb1 Nxa4 31. Rb7 h6 32. Rxf7 Rxe4 33. Rxa7 Rc4 34. Ra8+ Kh7 35. Ra7 Kh8 36. Ra8+ Kh7 1/2-1/2

[Event "CFriend AR-2003-Q-00003 email"]
[Site "Chessfriend.com"]
[Date "2003.12.03"]
[Round "1"]
[White "Stummer, Walter"]
[Black "Heinzer, Ralf"]
[Result "1-0"]
[WhiteElo "2379"]
[BlackElo "1859"]
[PlyCount "31"]
[EventDate "2003.??.??"]
[EventType "tourn (corr)"]
[EventRounds "12"]
[SourceTitle "Corr 2008"]
[Source "ChessBase"]
[SourceDate "2008.06.24"]
[SourceVersion "1"]
[SourceVersionDate "2008.06.24"]
[SourceQuality "1"]

1. Nf3 d5 2. d4 Nf6 3. c4 Nc6 4. cxd5 Qxd5 5. Nc3 Qa5 6. Bd2 Bg4 7. e3 a6 8. d5 Nb4 9. e4 Qc5 10. Be3 Qd6 11. e5 Bxf3 12. gxf3 Qxe5 13. Qa4+ b5 14. Qxb4 e6 15. Qa5 Nxd5 16. Bxb5+ 1-0

[Event "CFriend AR-2003-Q-00003 email"]
[Site "Chessfriend.com"]
[Date "2003.12.03"]
[Round "1"]
[White "Stummer, Walter"]
[Black "Kuhne, Detlev"]
[Result "1/2-1/2"]
[WhiteElo "2379"]
[BlackElo "2334"]
[PlyCount "87"]
[EventDate "2003.??.??"]
[EventType "tourn (corr)"]
[EventRounds "12"]
[SourceTitle "Corr 2008"]
[Source "ChessBase"]
[SourceDate "2008.06.24"]
[SourceVersion "1"]
[SourceVersionDate "2008.06.24"]
[SourceQuality "1"]

1. Nf3 d5 2. c4 c6 3. d4 Nf6 4. Nc3 e6 5. Bg5 dxc4 6. e4 b5 7. e5 h6 8. Bh4 g5 9. Nxg5 hxg5 10. Bxg5 Nbd7 11. g3 Bb7 12. Bg2 Qb6 13. exf6 0-0-0 14. 0-0 c5 15. d5 b4 16. Rb1 Qa6 17. dxe6 Bxg2 18. e7 Bxf1 19. Kxf1 Bxe7 20. fxe7 Rdg8 21. Ne4 c3+ 22. Kg1 Rxg5 23. Nxg5 Qg6 24. bxc3 Qxg5 25. Qe2 Qe5 26. Qa6+ Kb8 27. Qb5+ Nb6 28. cxb4 Qxe7 29. bxc5 Rh5 30. Rc1 Rd5 31. h4 Qc7 32. Kh2 Qe5 33. Qb3 Rxc5 34. Rxc5 Qxc5 35. Qxf7 Nc4 36. h5 Nd6 37. Qf3 Kc7 38. h6 Qg5 39. Qc3+ Kd8 40. Kg1 Qxh6 41. Qa5+ Kc8 42. Qxa7 Qc1+ 43. Kh2 Qc2 44. Qa8+ 1/2-1/2

[Event "CFriend AR-2003-Q-00003 email"]
[Site "Chessfriend.com"]
[Date "2003.12.03"]
[Round "1"]
[White "Stummer, Walter"]
[Black "Weber, Karlheinz"]
[Result "1/2-1/2"]
[WhiteElo "2379"]
[BlackElo "2281"]
[PlyCount "55"]
[EventDate "2003.??.??"]
[EventType "tourn (corr)"]
[EventRounds "12"]
[SourceTitle "Corr 2008"]
[Source "ChessBase"]
[SourceDate "2008.06.24"]
[SourceVersion "1"]
[SourceVersionDate "2008.06.24"]
[SourceQuality "1"]

1. Nf3 c5 2. c4 Nf6 3. Nc3 e6 4. g3 b6 5. Bg2 Bb7 6. 0-0 Be7 7. Re1 d5 8. cxd5 exd5 9. d4 0-0 10. Bf4 Nbd7 11. dxc5 Bxc5 12. Nd4 Ne4 13. Nxe4 dxe4 14. Nf5 Nf6 15. Be3 Bxe3 16. Nxe3 Qe8 17. Qb3 Qe5 18. Rad1 Rfd8 19. Rxd8+ Rxd8 20. Rd1 Rxd1+ 21. Qxd1 h5 22. Qd8+ Kh7 23. Bh3 Bd5 24. Nxd5 Nxd5 25. Qd7 Kg6 26. Qxa7 Qxb2 27. Qd7 Qe5 28. Qc6+ 1/2-1/2

[Event "CFriend AH-2003-0-00004 email"]
[Site "Chessfriend.com"]
[Date "2003.09.01"]
[Round "1"]
[White "Stummer, Walter"]
[Black "Heinzer, Ralf"]
[Result "1-0"]
[WhiteElo "2011"]
[BlackElo "1727"]
[PlyCount "29"]
[EventDate "2003.??.??"]
[EventType "tourn (corr)"]
[EventRounds "6"]
[SourceTitle "Corr 2008"]
[Source "ChessBase"]
[SourceDate "2008.06.24"]
[SourceVersion "1"]
[SourceVersionDate "2008.06.24"]
[SourceQuality "1"]

1. Nf3 b5 2. e4 Bb7 3. Bxb5 Bxe4 4. 0-0 Nf6 5. d4 c6 6. Be2 d5 7. Nbd2 Bf5 8. Ne5 h5 9. Ndf3 Ne4 10. c4 dxc4 11. Bxc4 e6 12. Nxc6 Nxc6 13. Bb5 Qb6 14. Qa4 Rc8 15. Ne5 1-0